Films d'animation français en images #1 - Statistiques

Statistiques générales
  • Ce quiz a été pris 1 176 fois
  • Le résultat moyen est 9 sur 16
Statistiques - réponses
Par images Réponse % Correct
Kirikou et la Sorcière
99%
Astérix : Le Domaine des dieux
96%
Le Petit Prince
92%
Le Triomphe de Babar
88%
Miraculous, le film
77%
Un monstre à Paris
64%
Les As de la jungle
62%
Flow
42%
Ernest et Célestine
41%
Minuscule : La Vallée des fourmis perdues
38%
Ma Vie de Courgette
37%
Persépolis
34%
Jack et la mécanique du cœur
28%
Dofus, livre 1 : Julith
24%
Les Triplettes de Belleville
24%
L'Apprenti Père Noël
22%
Aucun quiz correspondant
Distribution des résultats
% des personnes avec chaque résultat
Percentile par nombre de réponses
Votre historique - résultats
Vous n’avez pas pris ce quiz